| 000 | 00576nam a2200193 a 4500 | ||
|---|---|---|---|
| 001 | 5515 | ||
| 003 | CDMR | ||
| 005 | 20131125174915.0 | ||
| 008 | 130130s1982||||||||||||||||||||||||||||d | ||
| 020 | _a9287100160 | ||
| 040 |
_aCDMR _bcat _cCDMR |
||
| 245 | 0 | _aRéglementation législative et autoreglamentation de la presse | |
| 260 |
_aStrasbourg _c1982 _bConseil de l'Europe |
||
| 300 |
_a65 p. _c30 cm |
||
| 490 | 0 |
_aDossiers sur les Mass Media _v2 |
|
| 650 | 0 | 4 |
_93370 _aMitjans de comunicació de massa _xDret i legislació |
| 650 | 0 | 4 |
_94257 _aDret comunitari |
| 942 |
_cMON _2udc |
||
| 999 |
_c5515 _d5515 |
||